00347nam a2200133Ia 4500008004100000020001500041041001200056082002300068100001600091245004000107260002700147300001200174650002700186231217s9999 xx 000 0 und d a8128001108 aEnglish a001.6424C KOT1;24 aKotur, P B. 0aComputer concepts and C programming c2007bSapnaaBangalore axii+487 aComputer,C,programming